| 000 | 00408nam a22001697a 4500 | ||
|---|---|---|---|
| 999 |
_c2303 _d2302 |
||
| 005 | 20210816142643.0 | ||
| 008 | 160601b xxu||||| |||| 00| 0 eng d | ||
| 020 | _a81-203-0709-7 | ||
| 041 | _aeng | ||
| 082 | _b658.781 | ||
| 100 |
_aGOPALAKRISHNAN, P _96531 |
||
| 245 | _aHANDBOOK OF MATERIALS MANAGEMENT | ||
| 260 |
_aNew Delhi _bPHI, _c2004 |
||
| 300 | _a437 | ||
| 650 |
_aMANAGEMENT _9241 |
||
| 942 | _cBK | ||